000
00318nam a2200133Ia 4500
008
231017s9999 xx 000 0 und d
082
_a
388.41312
082
_b
VEI
245
0
_a
Revision of Guide to Traffic Engineering (AP-T47/06)
245
0
_c
Austroads
260
_b
Austroads
300
_c
30cm
942
_c
REP
999
_c
604239
_d
604239